书目信息 |
| 题名: |
中国电视戏曲研究
|
|
| 作者: | 杨燕 主编 | |
| 分册: | 下 汇评 | |
| 出版信息: | 北京 北京广播学院出版社 2002 |
|
| 页数: | 310页 | |
| 开本: | 20cm | |
| 丛书名: | 戏剧戏曲学书系 | |
| 单 册: | ||
| 中图分类: | J902 | |
| 科图分类: | ||
| 主题词: | 戏曲--电视节目--研究--中国 | |
| 电子资源: | ||
| ISBN: | 7-81085-119-5 | |
| 000 | 00862oam2 2200253 45 | |
| 001 | 002374870 | |
| 005 | 20050104170651.4 | |
| 010 | @a7-81085-119-5@dCNY38.00 | |
| 100 | @a20030613d2002 kemy0chiy50 ea | |
| 101 | 0 | @achi |
| 102 | @aCN@b110000 | |
| 105 | @ay z 000yy | |
| 200 | 1 | @a中国电视戏曲研究@Azhong guo dian shi xi qu yan jiu@h下@i汇评@f杨燕主编@FYang Yan Zhu Bian |
| 210 | @a北京@c北京广播学院出版社@d2002 | |
| 215 | @a310页@d20cm | |
| 225 | 2 | @a戏剧戏曲学书系@f周华斌主编 |
| 330 | @a本书是一本研究中国电视戏曲的书。书中内容包括:双向的选择——戏曲与电视的结合;艰难的融合——电视展示戏曲的难点;等。 | |
| 410 | @12001 @a戏剧戏曲学书系 | |
| 410 | @1700 0@a周华斌@AZhou Hua Bin@4主编 | |
| 606 | 0 | @a戏曲@x电视节目@x研究@y中国 |
| 690 | @aJ902@v4 | |
| 701 | 0 | @a杨燕@4主编 |
| 801 | 0 | @aCN@bNLC@c20030902 |
| 905 | @b341421-423@dJ902@e98:2@f3 | |
| 中国电视戏曲研究.下.汇评/杨燕主编.-北京:北京广播学院出版社,2002 |
| 310页;20cm.-(戏剧戏曲学书系/周华斌主编) |
| ISBN 7-81085-119-5:CNY38.00 |
| 本书是一本研究中国电视戏曲的书。书中内容包括:双向的选择——戏曲与电视的结合;艰难的融合——电视展示戏曲的难点;等。 |
| ● |
| 相关链接 |
|
|
|
|
正题名:中国电视戏曲研究
索取号:J902/98:2
 
预约/预借
| 序号 | 登录号 | 条形码 | 馆藏地/架位号 | 状态 | 备注 |
| 1 | 0341421 | 203414215 | 第一样本阅览室/ [索取号:J902/98:2] | 在馆 | |
| 2 | 0341422 | 203414224 | 第一借阅区/ [索取号:J902/98:2] | 在馆 | |
| 3 | 0341423 | 203414233 | 第一借阅区/ [索取号:J902/98:2] | 在馆 |